000 00631cam a22001817a 4500
008 180718b2001 xxu||||| |||| 00| 0 eng d
020 _a0821349163
082 _aR1x49 G182
100 _aGaribaldi, Pietro
245 _aFrom transition to EU accession: the Bulgarian labor market during the 1990s
_cby Pietro Garibaldi, Mattia Makovec and Gabriella Stoyanova
260 _aWashington, D.C.
_bWorld Bank
_c2001
300 _a67p.
440 _aWorld Bank technical paper no. 494
650 _aIndustrial relations - Bulgaria
650 _aLabor market - Bulgaria
700 _aStoyanova, Gabriella
700 _aMakovec, Mattia
999 _c286426
_d286426